000 00697nam a2200241Ia 4500
003 OSt
005 20230518155400.0
008 210423s2014 xx 000 0 und d
020 _a978-93-392-1305-3
040 _cAL
041 _aeng
082 _a658.15
_223
_b KHAF
100 _aKHAN (M Y);JAIN (P K)
_9108898
245 _aFinancial management: text problems and cases Ed 7
250 _a7
260 _aNew Delhi
_bMcGrawhill Education
_c2014
300 _axxi,1.10p
_bPB
365 _b699
_cINR
650 _aFinancial Management
_9108899
650 _aManagement
_9108900
906 _a:text ; cases ; Ed ; Ed7 ; Financial ; management ; management: ; problems
942 _2ddc
_cBK
999 _c166780
_d166780